=LDR 00000nam 2200000 4500 =001 INLIS000000000022023 =005 20130612120825 =008 ***********************************Ind** =035 ##$$0010-061300000022023 =041 ##$$a Ind =082 ##$$a 378.78 =090 ##$$a 378.78, Fid p =100 ##$$a Fida' H. Ahmad =245 ##$$a Pedoman pelaksanaan kuliah kerja nyata, H. Ahmad Fida' =260 ##$$a 1997 $b Jakarta =300 ##$$a x, 236 hlm, ilus, 21 cm =650 ##$$a Kuliah Kerja Nyata =850 ##$$a NBPNMAT